000 01040nam0a22002531 4500
001 rc\2769024
005 20260407084211.0
035 _a(NLR Aleph) 006895427
090 _a7191450
_c7191450
100 _a20110915d1941 u y0rusy50 ca
101 0 _arus
102 _aRU
105 _aa g |||||
200 1 _aСправочник для поступающих в Донецкий ордена Трудового красного знамени индустриальный институт им. Н. С. Хрущева в 1941 году
_fНКУголь-СССР. Гл. упр. учеб. заведениями
210 _aСталино
_cтип. ДИИ
_d1941
215 _a34, [1] с.
_cил.
_d20 см.
710 0 2 _aДонецкий политехнический институт
_3RU\NLR\AUTH\8811928
_9296548
801 0 _aRU
_bNLR
_gpsbo
801 1 _aRU
_bELAR
_2rusmarc
852 _aNLR
_jПр40 Г-4/62
942 _cBOOK
945 _aРоссийская национальная библиотека
980 _aNB
980 _aBV